000 01091nam a22002897a 4500
999 _c117592
_d117592
003 dpl
005 20210226150842.0
008 210226b ||||| |||| 00| 0 eng d
010 _aA-965017
020 _c300.00
_a8173152667
035 _aA-965017
037 _bCen Lib/Ret
040 _aDPL
_bHN
_cDPL
082 _a
_bशर्माम
100 _aशर्मा, मनु
_975599
245 _aदुरभिसंधि /
_cमनु शर्मा
246 _aDurbhisandhi /
_bby Manu Sharma
260 _a दिल्ली
_bप्रभात प्रकाशन
_c1999
270 _b दिल्ली
_e110002
_a4/11 असफ अली रोड
300 _a446p.
_c19से.मी. (सजिल्द)
440 _aकृष्ण की आत्मकथा : भाग 2
650 _aसाहित्य--कहानियां
_91200
650 _aहिंदी--कहानियां
_92082
650 _aLiterature--Stories
_975600
650 _aHindi--stories
_975601
942 _2ddc
_cHN
_h
_mशर्माम